| 000 | 01314nam a2200397Ia 4500 | ||
|---|---|---|---|
| 001 | 15462 | ||
| 003 | 30496 | ||
| 005 | 20260313201854.0 | ||
| 008 | ||||||n9999 ||| || || | ||
| 020 | _a9589276571 | ||
| 040 |
_aCO-BoESAP _bspa _cCO-BoESAP |
||
| 082 | 0 | 4 |
_a342.861 _bY68d |
| 100 | 1 |
_aYounes Moreno, Diego, _d1944- _910351 _eautor |
|
| 245 | 1 | 0 |
_aDerecho constitucional colombiano / _cDiego Younes Moreno. |
| 260 |
_aBogotá : _bEscuela Superior de Administración Pública - ESAP : _bDiké, _c1993. |
||
| 300 | _axii, 362 páginas | ||
| 490 | 0 | _aBiblioteca Jurídica Diké | |
| 490 | 0 | _aDocumentos ESAP | |
| 504 | _aBibliografía: páginas 359-362. | ||
| 526 | _a104436 | ||
| 526 | _a1697 | ||
| 526 | _a19790 | ||
| 526 | _a4969 | ||
| 526 | _a5144 | ||
| 526 | _a51868 | ||
| 562 | _e19 | ||
| 650 | 1 | 7 |
_aReformas constitucionales _93890 _2LEMB _zColombia |
| 650 | 2 | 7 |
_aAsambleas constituyentes _95265 _2LEMB _zColombia |
| 650 | 2 | 7 |
_aGarantías constitucionales _945840 _2LEMB _zColombia |
| 650 | 2 | 7 |
_aDerechos económicos y sociales _953757 _2LEMB _zColombia |
| 650 | 2 | 7 |
_aSistemas electorales _94730 _2LEMB _zColombia |
| 651 | 7 |
_aColombia _2LEMB _9164775 _xDerecho constitucional |
|
| 651 | 7 |
_aColombia _2LEMB _9164775 _xHistoria constitucional |
|
| 942 |
_cBKM _2ddc |
||
| 942 |
_cCOD _2ddc |
||
| 999 |
_c15462 _d15462 |
||